|
|
|
|
| LEADER |
01164nam a2200241 a 4500 |
| 001 |
2049929 |
| 008 |
090616s1994 ilua 000 0 eng d |
| 010 |
|
|
|a 93010689
|
| 020 |
|
|
|a 1556238894 (recycled paper)
|
| 040 |
|
|
|a DLC
|c DLC
|d DLC
|
| 082 |
0 |
0 |
|a 658.3/045
|2 20
|
| 100 |
1 |
|
|a Ackerstein, Joan.
|
| 245 |
1 |
4 |
|a The Americans with Disabilities Act :
|b what supervisors need to know /
|c Joan Ackerstein.
|
| 260 |
|
|
|a Blue Ridge, Ill. :
|b Business One Irwin/Mirror Press,
|c c1994.
|
| 300 |
|
|
|a xv, 101 p. :
|b ill. ;
|c 26 cm.
|
| 490 |
1 |
|
|a The Business skills express series
|
| 541 |
1 |
|
|e 00008055
|
| 650 |
|
0 |
|a People with disabilities
|x Employment
|z United States.
|
| 650 |
|
0 |
|a People with disabilities
|x Employment
|x Law and legislation
|z United States.
|
| 852 |
4 |
|
|a Ayesha Abed Library
|j General Shelf.
|
| 999 |
|
|
|c 1720
|d 1720
|
| 952 |
|
|
|0 0
|1 0
|2 ddc
|4 0
|6 658_304500000000000_ACK
|7 0
|9 1576
|a BRACUL
|b BRACUL
|c GEN
|d 2009-06-28
|g 0.00
|l 0
|o 658.3045 ACK
|p 3010008055
|r 2009-06-28
|t 1
|w 2009-06-28
|y BK
|x No price found in the accession register.
|
| 952 |
|
|
|0 0
|1 0
|2 ddc
|4 0
|6 658_304500000000000_ACK
|7 0
|9 43319
|a SCL
|b SCL
|c GEN
|d 2001-09-13
|l 0
|o 658.3045 ACK
|p 3020003365
|r 2014-07-20
|t 2
|w 2014-07-20
|y BK
|